Statistics for Σημαίες της Ευρώπης

Click here to take the quiz!

General Stats

  • This quiz has been taken 625 times
  • The average score is 29 of 46

Answer Stats

Answer% Correct
Ελλάδα
98%
Κύπρος
98%
Γερμανία
98%
Ισπανία
96%
Ηνωμένο Βασίλειο
93%
Γαλλία
92%
Σουηδία
92%
Πορτογαλία
89%
Ιταλία
87%
Νορβηγία
83%
Φινλανδία
79%
Ρωσία
78%
Αλβανία
76%
Δανία
75%
Ιρλανδία
73%
Κάτω Χώρες
72%
Ελβετία
71%
Βόρεια Μακεδονία
71%
Ισλανδία
70%
Ουκρανία
69%
Βέλγιο
67%
Πολωνία
67%
Βουλγαρία
66%
Μάλτα
64%
Ουγγαρία
61%
Λουξεμβούργο
60%
Αυστρία
60%
Βατικανό
54%
Ρουμανία
54%
Τσεχία
50%
Εσθονία
49%
Άγιος Μαρίνος
48%
Κροατία
47%
Λιθουανία
46%
Σερβία
46%
Μολδαβία
44%
Μονακό
41%
Σλοβακία
41%
Σλοβενία
38%
Βοσνία-Ερζεγοβίνη
35%
Κόσοβο
34%
Λευκορωσία
33%
Ανδόρα
33%
Μαυροβούνιο
30%
Λετονία
30%
Λιχτενστάιν
28%

Score Distribution

Percentile by Number Answered

Percent of People with Each Score

Your Score History

You have not taken this quiz